000 00652nam a2200241Ia 4500
003 OSt
005 20221007074238.0
006 a|||||r|||| 00| 0
007 ta
008 221006b |||||||| |||| 00| 0 eng d
024 _a21,733
037 _cTextual
040 _aFLL
_cFLL
_beng
041 _2eng
_aeng
082 _aZ2:801, H1
100 _aAiyar B. V. Viswanatha
245 0 _aCode of civil procedure (act v of 1908)
250 _a2nd
260 _aMylapore
_bMadras Law Journal Office India
_c1941
300 _axiv,1753p
_ccm.
942 _hZ2:801, H1
_cTEXL
_2CC
999 _c1151669
_d1151669